|
|
|
|
| LEADER |
02365nam a2200661 i 4500 |
| 001 |
nkc20233519288 |
| 003 |
CZ PrNK |
| 005 |
20230906132126.0 |
| 007 |
ta |
| 008 |
230503s2023 xr ab c f 000 0 cze |
| 015 |
|
|
|a cnb003519288
|
| 020 |
|
|
|a 978-80-11-03211-1
|q (brožováno)
|
| 035 |
|
|
|a (OCoLC)1402155080
|
| 040 |
|
|
|a OLA001
|b cze
|e rda
|
| 043 |
|
|
|a e-xr---
|
| 072 |
|
7 |
|a 59
|x Zoologie
|2 Konspekt
|9 2
|
| 072 |
|
7 |
|a 0/9-053.2
|x Literatura pro děti a mládež (naučná)
|2 Konspekt
|9 26
|
| 080 |
|
|
|a 597.552.5
|2 MRF
|
| 080 |
|
|
|a 597.552.53
|2 MRF
|
| 080 |
|
|
|a 504:592/599
|2 MRF
|
| 080 |
|
|
|a 591.5
|2 MRF
|
| 080 |
|
|
|a 574.5
|2 MRF
|
| 080 |
|
|
|a 591.9
|2 MRF
|
| 080 |
|
|
|a (437.3)
|2 MRF
|
| 080 |
|
|
|a (0.062)
|2 MRF
|
| 080 |
|
|
|a (0.053.6)
|2 MRF
|
| 100 |
1 |
|
|a Křesinová, Markéta,
|d 1986-
|7 ola20231197974
|4 aut
|
| 245 |
1 |
0 |
|a Losos a lososovité ryby v našich řekách od historie po současnost :
|b lososí kvíz /
|c Markéta Křesinová, Jiří Křesina, Pavel Vrána
|
| 246 |
3 |
0 |
|a Lososí kvíz
|
| 264 |
|
1 |
|a [Rapotín] :
|b Nemeleme,
|c [2023]
|
| 300 |
|
|
|a 18 stran :
|b barevné ilustrace, 1 mapa ;
|c 21 cm
|
| 336 |
|
|
|a text
|b txt
|2 rdacontent
|
| 337 |
|
|
|a bez média
|b n
|2 rdamedia
|
| 338 |
|
|
|a svazek
|b nc
|2 rdacarrier
|
| 500 |
|
|
|a Název z obálky
|
| 650 |
0 |
7 |
|a lososovití
|7 ph138110
|2 czenas
|
| 650 |
0 |
7 |
|a losos obecný
|7 ph115176
|2 czenas
|
| 650 |
0 |
7 |
|a ohrožené druhy živočichů
|7 ph115572
|2 czenas
|
| 650 |
0 |
7 |
|a ekologie živočichů
|7 ph114419
|2 czenas
|
| 650 |
0 |
7 |
|a vodní ekosystémy
|7 ph116599
|z Česko
|2 czenas
|
| 650 |
0 |
7 |
|a fauna
|7 ph114529
|z Česko
|2 czenas
|
| 650 |
0 |
9 |
|a Salmonidae
|2 eczenas
|
| 650 |
0 |
9 |
|a atlantic salmon
|2 eczenas
|
| 650 |
0 |
9 |
|a endangered animals
|2 eczenas
|
| 650 |
0 |
9 |
|a animal ecology
|2 eczenas
|
| 650 |
0 |
9 |
|a water ecosystems
|z Czechia
|2 eczenas
|
| 650 |
0 |
9 |
|a fauna
|z Czechia
|2 eczenas
|
| 655 |
|
7 |
|a populárně-naučné publikace
|7 fd131864
|2 czenas
|
| 655 |
|
7 |
|a publikace pro mládež
|7 fd133157
|2 czenas
|
| 655 |
|
9 |
|a popular works
|2 eczenas
|
| 655 |
|
9 |
|a juvenile literature
|2 eczenas
|
| 700 |
1 |
|
|a Křesina, Jiří,
|d 1983-
|7 ola20181018429
|4 aut
|
| 700 |
1 |
|
|a Vrána, Pavel,
|d 1978-
|7 jcu2012689883
|4 aut
|
| 910 |
2 |
|
|a BOA001
|b 2-1511.608
|
| 990 |
|
|
|a BK
|
| 995 |
|
|
|a 01
|
| 991 |
|
|
|b 202309
|c NOV
|
| 996 |
6 |
|
|b 2610947053
|c 2-1511.608
|l MZK
|r Sklad / do 1 hodiny
|n 0
|p p.v.
|w 001936656
|u 000010
|a 1
|e BOA001
|j MZK50
|s P
|